000
00298nam a22001337a 4500
020
_a
0-394-84376-2
082
_a
823
_b
FAR/I
100
_a
FARLEY, WALTER
245
_a
THE ISLAND STALLION
260
_a
NEW YORK
_b
RANDOM HOUSE
_c
1998
300
_a
207
650
_a
NOVEL
_z
UNITED STATES
942
_c
BK
999
_c
3173
_d
3173